Quiz - Ils ont le Même Nom De Famille - Statistiques

Statistiques générales
  • Ce quiz a été pris 107 fois
  • Le résultat moyen est 6 sur 11
Statistiques - réponses
Indice Nom de Famille % Correct
Acteur principal dans ´Lupin’ / Ancienne Chroniqueuse dans TPMP Omar Sy & Hapsatou Sy
86%
Le ‘King of Pop’ / Acteur jouant dans Django Michael & Samuel Jackson
80%
Présentateur télé sud africain / Joueur de tennis et chanteur franco-camerounais Trevor & Yannick Noah
73%
Interprète de la chanson « Firework » / Réalisateur de film dont ´Mea Culpa ‘ Katy & Tyler Perry
63%
Joueuse de tennis /1ere afro-américaine à être couronnée Miss America Serena & Vanessa Williams
62%
Ancien Numéro 32 des Lakers / Premier Ministre du Royaume Uni de 2019 à 2022 Magic & Boris Johnson
51%
Chanteuse américaine auteur de « On the Floor » / Animateur de France 2 Jennifer & Frederic Lopez
50%
Fondateur de l’empire Mongol / Chanteuse de funk Gengis & Chaka Khan
40%
Animateur de l’école des fans / Athlète australienne championne de paratriathlon Jacques & Tricia Martin
38%
Fondateur d’une marque de voiture / Présentatrice télé française Enzo & Laurence Ferrari
36%
Il a une statue à son effigie à Hong Kong / Mannequin et fondatrice de Baby Phat Bruce & Kimora Lee
11%
Aucun quiz correspondant
Distribution des résultats
% des personnes avec chaque résultat
Percentile par nombre de réponses
Votre historique - résultats
Vous n’avez pas pris ce quiz